Guia de seguridad en transporte maritimo para pilotos de las embarcaciones menores de la cooperativa coopicor del corregimiento de Bocachica - Cartagena para el segundo periodo del ao 2018 II fase / (Registro nro. 2866)

Detalles MARC
000 -LEADER
fixed length control field 02057nam a2200241 4500
001 - CONTROL NUMBER
control field 0000010896
005 - DATE AND TIME OF LATEST TRANSACTION
control field 20250329165413.0
008 - FIXED-LENGTH DATA ELEMENTS--GENERAL INFORMATION
fixed length control field 180709s2018 000 0 eng d
040 ## - CATALOGING SOURCE
Original cataloging agency CO-CtgCURN
Language of cataloging spa
Transcribing agency coctgcurn
082 0# - DEWEY DECIMAL CLASSIFICATION NUMBER
Classification number APH 2018
Item number B453d
100 1# - MAIN ENTRY--PERSONAL NAME
Personal name Guerrero Castro, Pedro Antonio.
245 10 - TITLE STATEMENT
Title Guia de seguridad en transporte maritimo para pilotos de las embarcaciones menores de la cooperativa coopicor del corregimiento de Bocachica - Cartagena para el segundo periodo del ao 2018 II fase /
Statement of responsibility, etc. Pedro Antonio Guerrero Castro; Asesor: Ricardo Zabaleta Torres.
260 ## - PUBLICATION, DISTRIBUTION, ETC.
Place of publication, distribution, etc. Cartagena de Indias :
Name of publisher, distributor, etc. Corporación Universitaria Rafael Nuñez,
Date of publication, distribution, etc. 2018.
300 ## - PHYSICAL DESCRIPTION
Extent 68 p.
504 ## - BIBLIOGRAPHY, ETC. NOTE
Bibliography, etc. note Trabajo de grado (Atencion Prehospitalaria). Corporación Universitaria Rafael Nuñez. Facultad de Ciencias de la salud. Atencion Prehospitalaria, 2018.
520 ## - SUMMARY, ETC.
Summary, etc. Este trabajo de investigación busca diseñar una guía de seguridad en transporte marítimo para pilotos de las embarcaciones menores de la Cooperativa Coopicor del corregimiento de Bocachica - Cartagena para el segundo periodo del ao 2018, para que dichos pilotos orientar a pilotos de lanchas, a través de los factores más importantes que integran la responsabilidad de implementar herramientas de seguridad que les permita contar con conocimientos definidos para socorrer y auxiliar a aquellas personas que puedan encontrarse en emergencias acuáticas , graves y que lo requieran, donde los pilotos están impregnados de capacidad para accionar ante cualquier emergencia e incidente.
650 #0 - SUBJECT ADDED ENTRY--TOPICAL TERM
Topical term or geographic name entry element Atención prehospitalaria
Form subdivision Tesis y disertaciones academicas.
700 1# - ADDED ENTRY--PERSONAL NAME
Personal name Zabaleta Torres, Ricardo,
Titles and other words associated with a name Investigador.
700 1# - ADDED ENTRY--PERSONAL NAME
Personal name Cáceres Matta, Sandra Viviana,
Titles and other words associated with a name Asesora.
856 ## - ELECTRONIC LOCATION AND ACCESS
Uniform Resource Identifier <a href="https://unicurn.sharepoint.com/:b:/s/biblioteca/EbetCJcyS6ZCghq3AOdjsZMBHJm7kTFVnnOdokFt4uuU7g?e=l6jYwf">https://unicurn.sharepoint.com/:b:/s/biblioteca/EbetCJcyS6ZCghq3AOdjsZMBHJm7kTFVnnOdokFt4uuU7g?e=l6jYwf</a>
Public note Click aqui para ver el recurso en texto completo
942 ## - ADDED ENTRY ELEMENTS (KOHA)
Source of classification or shelving scheme Dewey Decimal Classification
Koha item type Trabajos de grado
Classification part APH 2018
Item part G934
Existencias
Withdrawn status Lost status Source of classification or shelving scheme Damaged status Not for loan Home library Current library Shelving location Date acquired Source of acquisition Cost, normal purchase price Inventory number Total checkouts Full call number Barcode Date last seen Copy number Price effective from Koha item type
    Dewey Decimal Classification     Miguel Henríquez Emiliani Miguel Henríquez Emiliani Trabajo de grado 03/29/2025 El autor 350000.00 021517   APH 2018 G934 021517 12/07/2018 1 12/07/2018 Trabajos de grado